000 01237nam a2200325 i 4500
003 EG-GICUC
005 20260121101237.0
008 251118s2002 ua ||||fr|||| 001 0 ara d
017 _a2001/15452
020 _a9770435805
040 _a EG-GICUC
_bara
_c EG-GICUC
_d EG-GICUC
_erda
041 _aara
082 0 4 _a343.26
_bم ح . م
_221
092 0 4 _221
099 _aLaw1 10 343.26 م ح . م 2002 1004767
100 0 _aمحمد عبد اللطيف عبد العال.
_eمؤلف.
245 1 0 _aمفهوم الشرف والاعتبار في جرائم القذف والسب /
_cتأليف الدكتور محمد عبد اللطيف عبد العال.
264 1 _aالقاهرة :
_bدار النهضة العربية،
_c2002.
300 _a126 صفحة ؛
_c24 سم.
336 _2rda content
_atext
337 _2rda media
_aComputer
338 _2rda carrier
_aOnline Resource
504 _aيشتمل على ارجاعات ببليوجرافية.
546 _aالنص باللغة العربية
650 1 _aالجرائم الماسة بالشرف والاعتبار
_2qrmak
651 1 _2qrmak
856 4 0 _uhttps://fll.law.cu.edu.eg/fulltext/bks/B10-04767.pdf
905 _a18
942 _2ddc
_n0
_cBK
_e21
999 _c44081
_d44081